000
00217nam a22000857a 4500
999
_c
6394
_d
6394
008
170524b xxu||||| |||| 00| 0 eng d
020
_a
8178120044
100
_9
3107
_a
Sharma.R.C.
245
_a
English Conversation for Beginners
260
_a
New Delhi